ბათუმის შოთა რუსთაველის სახელმწიფო უნივერსიტეტის ბიბლიოთეკა

ელიზბარ ჯაველიძე 85 : (ბიბ.ჩანაწერი № 60839)

000 -ლიდერი
ფიქსირებული სიგრძის საკონტროლო ველი 01256nam a22002417a 4500
003 - საკონტროლო ნომრის იდენტიფიკატორი
საკონტროლო ველი Ge_BSU
005 - ბოლო ოპერაციის თარიღი და დრო
საკონტროლო ველი 20231106160307.0
008 - ფიქსირებული სიგრძის მონაცემთა ელემენტები - ზოგადი ინფორმაცია
ფიქსირებული სიგრძის საკონტროლო ველი 231106s2023 ge ||||| |||| 00| 0 geo d
020 ## - წიგნის საერთაშორისო სტანდარტული ნომერი
International Standard Book Number 9789941853500
041 ## - ენის კოდი
Language code of text/sound track or separate title geo
080 ## - უნივერსალური ათობითი კლასიფიკაციის ინდექსი
Universal Decimal Classification number 82.0(479.22)(082) ე-56
245 ## - ცნობა სათაურის შესახებ
Title ელიზბარ ჯაველიძე 85 :
Remainder of title [წერილები] /
Statement of responsibility, etc რედაქტორი ნ. ლ. ჯაველიძე.
264 ## - წარმოების, გამოცემის, დისტრიბუციის და სხვა ცნობები
გამოცემის, წარმოების, დისტრიბუციის... ადგილი თბილისი,
გამოცემის, წარმოების, დისტრიბუციის... თარიღი 2023.
300 ## - ფიზიკური აღწერა
Extent 206 გვ. :
Other physical details ფოტ. ;
Dimensions 25 სმ.
500 ## - ზოგადი შენიშვნა
General note იბეჭდება საქართველოს მეცნიეებათა ეროვნული აკადემიის საგამომცემლო-სარედაქციო საბჭოს გადაწყვეტილწებით
653 ## - INDEX TERM--UNCONTROLLED
Uncontrolled term ჯაველიძე, ელიზბარ
653 ## - INDEX TERM--UNCONTROLLED
Uncontrolled term ქართველი ფილოლოგები
653 ## - INDEX TERM--UNCONTROLLED
Uncontrolled term ქართული მემუარული ლიტერატურა
653 ## - INDEX TERM--UNCONTROLLED
Uncontrolled term მილოცვები
700 ## - ADDED ENTRY--PERSONAL NAME
Personal name ჯაველიძე, ნ. ლ.
Relator term რედაქტორი.
9 (RLIN) 20287
773 ## - HOST ITEM ENTRY
Title ნაჩუქარი
942 ## - ADDED ENTRY ELEMENTS (KOHA)
Source of classification or shelving scheme
Koha item type წიგნი
ეგზემპლარები
ჩამოწერის სტატუსი დაკარგული ეგზემპლარის სტატუსი კლასიფიკაციის წყარო ან თაროზე გაწყობის სქემა დაზიანების სტატუსი არ გაიცემა მუდმივი მდებარეობა (დაცვის ადგილი) ამჟამინდელი ადგილსამყოფელი თაროზე განთავსების ადგილი შეძენის თარიღი ღირებულება, შესყიდვის ნორმალური ფასი სრული შენახვის შიფრი შტრიხკოდი ბოლო ოპერაციის თარიღი ეგზემპლარის მიმდევრობითი ნომერი (კეტერი?) ფასის ძალაში შესვლის თარიღი ეგზემპლარის სახეობა საჯარო შენიშვნა
          ბათუმის შოთა რუსთაველის სახელმწიფო უნივერსიტეტის მთავარი ბიბლიოთეკა ბათუმის შოთა რუსთაველის სახელმწიფო უნივერსიტეტის მთავარი ბიბლიოთეკა წიგნსაცავი 2023-11-06 10.00 82.0(479.22)(082) ე-56 66699 2023-11-06 66699 2023-11-06 წიგნი 10 ლ.